[Event "Siemianowice op"]
[Site "Siemianowice"]
[Date "2008.12.14"]
[Round "9.2"]
[White "Faron, Rafal"]
[Black "Nowak, Dominika"]
[Result "0-1"]
[WhiteElo "1704"]
[BlackElo "2189"]
[PlyCount "106"]
[EventDate "2008.12.08"]
[EventType "swiss"]
[EventRounds "9"]
[EventCountry "POL"]
[SourceTitle "EXT 2023"]
[Source "ChessBase"]
[SourceDate "2022.10.05"]
[SourceVersion "1"]
[SourceVersionDate "2022.10.05"]
[SourceQuality "1"]

1. e4 e5 2. Nf3 Nc6 3. Bc4 Bc5 4. c3 Nf6 5. d4 exd4 6. cxd4 Bb4+ 7. Nc3 Nxe4 8. 0-0 Bxc3 9. d5 Bf6 10. Re1 0-0 11. Rxe4 Ne7 12. Bg5 Ng6 13. Bxf6 Qxf6 14. Qd4 Qxd4 15. Nxd4 d6 16. f4 Bd7 17. Rae1 a6 18. h3 c5 19. Ne2 b5 20. Bd3 Bf5 21. Re3 Bxd3 22. Rxd3 Rfe8 23. g3 Re4 24. Kf2 Rae8 25. Rdd1 Kf8 26. a3 h5 27. Nc3 Rxe1 28. Rxe1 Rxe1 29. Kxe1 h4 30. Kf2 hxg3+ 31. Kxg3 Ne7 32. Ne4 Nf5+ 33. Kf3 Ke7 34. Nd2 Kd7 35. Ke4 Ng3+ 36. Kf3 Nh5 37. Nf1 Nf6 38. Ne3 c4 39. Nf5 g6 40. Ne3 Kc7 41. f5 g5 42. Kg3 Kb6 43. h4 gxh4+ 44. Kxh4 Kc5 45. Kg5 Nxd5 46. Ng4 a5 47. Nh6 f6+ 48. Kg6 b4 49. axb4+ axb4 50. Ng8 c3 51. bxc3 bxc3 52. Nxf6 Nxf6 53. Kxf6 c2 0-1

[Event "Siemianowice op"]
[Site "Siemianowice"]
[Date "2008.12.14"]
[Round "8.2"]
[White "Nowak, Dominika"]
[Black "Rosicki, Marcin"]
[Result "1-0"]
[WhiteElo "2189"]
[BlackElo "1503"]
[PlyCount "59"]
[EventDate "2008.12.08"]
[EventType "swiss"]
[EventRounds "9"]
[EventCountry "POL"]
[SourceTitle "EXT 2023"]
[Source "ChessBase"]
[SourceDate "2022.10.05"]
[SourceVersion "1"]
[SourceVersionDate "2022.10.05"]
[SourceQuality "1"]

1. e4 e5 2. Nf3 Nc6 3. Bb5 a6 4. Ba4 b5 5. Bb3 Be7 6. d4 exd4 7. Nxd4 Nf6 8. Nxc6 dxc6 9. Qxd8+ Bxd8 10. f3 0-0 11. Bf4 Re8 12. Nd2 Be6 13. Bxe6 Rxe6 14. Nb3 Nh5 15. Be3 Be7 16. 0-0-0 Rd6 17. e5 Rxd1+ 18. Rxd1 Rd8 19. Rxd8+ Bxd8 20. g4 Nf6 21. exf6 Bxf6 22. Na5 Kf8 23. Nxc6 Ke8 24. c3 Kd7 25. Nb8+ Kc8 26. Nxa6 Kb7 27. Nc5+ Kb6 28. Ne4+ Kc6 29. Nxf6 gxf6 30. Bd4 1-0

[Event "Siemianowice op"]
[Site "Siemianowice"]
[Date "2008.12.10"]
[Round "3.1"]
[White "Krzempek, Krystian"]
[Black "Nowak, Dominika"]
[Result "0-1"]
[WhiteElo "1754"]
[BlackElo "2189"]
[PlyCount "72"]
[EventDate "2008.12.08"]
[EventType "swiss"]
[EventRounds "9"]
[EventCountry "POL"]
[SourceTitle "EXT 2023"]
[Source "ChessBase"]
[SourceDate "2022.10.05"]
[SourceVersion "1"]
[SourceVersionDate "2022.10.05"]
[SourceQuality "1"]

1. d4 c5 2. d5 g6 3. g3 Bg7 4. Bg2 Nf6 5. e4 d6 6. Ne2 0-0 7. 0-0 b5 8. c3 a5 9. Bg5 h6 10. Bd2 b4 11. Qc1 Kh7 12. f4 Ba6 13. c4 Nfd7 14. Be1 a4 15. a3 Nb6 16. Nd2 N8d7 17. g4 Rb8 18. Rf3 e6 19. dxe6 fxe6 20. Rb1 d5 21. exd5 exd5 22. Ng3 Nxc4 23. Nxc4 Bxc4 24. f5 g5 25. f6 Rxf6 26. Nf5 Ne5 27. Rh3 Rg6 28. Qc2 Nxg4 29. Nxg7 Kxg7 30. axb4 cxb4 31. Qxa4 Qb6+ 32. Kh1 Rb7 33. b3 Ra7 34. Qe8 Re6 35. Qh5 Rxe1+ 36. Rxe1 Nf2+ 0-1

[Event "Tarnowskie Gory Piasta Memorial 6th"]
[Site "Tarnowskie Gory"]
[Date "2008.07.27"]
[Round "3.1"]
[White "Andrae, Dirk"]
[Black "Nowak, Dominika"]
[Result "1-0"]
[WhiteElo "2110"]
[BlackElo "2204"]
[PlyCount "47"]
[EventDate "2008.07.26"]
[EventType "swiss"]
[EventRounds "10"]
[EventCountry "POL"]
[SourceTitle "EXT 2023"]
[Source "ChessBase"]
[SourceDate "2022.10.05"]
[SourceVersion "1"]
[SourceVersionDate "2022.10.05"]
[SourceQuality "1"]

1. f4 d5 2. Nf3 Nf6 3. e3 e6 4. d4 c5 5. c3 Nc6 6. Bd3 cxd4 7. exd4 Bd6 8. 0-0 Bd7 9. Ne5 Qb6 10. Kh1 h5 11. Nd2 Ne7 12. Ndf3 Bb5 13. Ng5 Rf8 14. a4 Bxd3 15. Qxd3 Nf5 16. Bd2 Rc8 17. b4 Nd7 18. Rae1 Bxe5 19. fxe5 Qc6 20. Rxf5 exf5 21. e6 g6 22. exf7+ Kd8 23. Qe2 b6 24. Bf4 1-0

[Event "POL-chT 2nd League"]
[Site "Polanica Zdroj"]
[Date "2004.09.10"]
[Round "8"]
[White "Wierzbicka, Ewa"]
[Black "Nowak, Dominika"]
[Result "0-1"]
[WhiteElo "2020"]
[BlackElo "2196"]
[PlyCount "64"]
[EventDate "2004.09.04"]
[EventType "team-swiss"]
[EventRounds "11"]
[EventCountry "POL"]
[SourceTitle "CBM 102 Extra"]
[Source "ChessBase"]
[SourceDate "2004.11.03"]
[SourceVersion "1"]
[SourceVersionDate "2004.11.03"]
[SourceQuality "1"]
[WhiteTeam "Lublin Drakon"]
[BlackTeam "Brzeg Prokonex"]
[WhiteTeamCountry "POL"]
[BlackTeamCountry "POL"]

1. e4 e5 2. d4 exd4 3. Qxd4 Nc6 4. Qe3 Nf6 5. Bd2 Bb4 6. Nc3 0-0 7. 0-0-0 Re8 8. Bd3 d5 9. Qf4 dxe4 10. Nxe4 Nxe4 11. Bxe4 Bd6 12. Qf3 Ne5 13. Qb3 a5 14. a4 c6 15. Bf4 Nd3+ 16. Bxd3 Bxf4+ 17. Kb1 Qf6 18. Nf3 Be6 19. Bc4 Bxc4 20. Qxc4 b5 21. axb5 cxb5 22. Qd5 a4 23. Rhe1 Rf8 24. Qd4 Qh6 25. Re7 a3 26. Ra7 Rxa7 27. Qxa7 axb2 28. Kxb2 Qc6 29. Qd4 Bh6 30. Qc3 g6 31. Qb3 Bg7+ 32. c3 b4 0-1

[Event "POL-chT 2nd League"]
[Site "Polanica Zdroj"]
[Date "2004.09.09"]
[Round "7"]
[White "Nowak, Dominika"]
[Black "Gapa, Sylwia"]
[Result "1/2-1/2"]
[WhiteElo "2196"]
[BlackElo "2030"]
[PlyCount "50"]
[EventDate "2004.09.04"]
[EventType "team-swiss"]
[EventRounds "11"]
[EventCountry "POL"]
[SourceTitle "CBM 102 Extra"]
[Source "ChessBase"]
[SourceDate "2004.11.03"]
[SourceVersion "1"]
[SourceVersionDate "2004.11.03"]
[SourceQuality "1"]
[WhiteTeam "Brzeg Prokonex"]
[BlackTeam "Lodz AZS Politechnika"]
[WhiteTeamCountry "POL"]
[BlackTeamCountry "POL"]

1. e4 c5 2. Nf3 Nc6 3. d4 cxd4 4. Nxd4 e5 5. Nb5 d6 6. N1c3 a6 7. Na3 b5 8. Nd5 Nce7 9. c4 Nxd5 10. exd5 bxc4 11. Nxc4 Nf6 12. Be2 Be7 13. Be3 Rb8 14. a4 0-0 15. 0-0 Nd7 16. Kh1 f5 17. f4 g5 18. fxe5 Nxe5 19. Qd2 f4 20. Ba7 Nxc4 21. Bxc4 Ra8 22. Bd4 Bf6 23. b4 Bxd4 24. Qxd4 Qf6 25. Qxf6 Rxf6 1/2-1/2

[Event "POL-chT 2nd League"]
[Site "Polanica Zdroj"]
[Date "2004.09.08"]
[Round "6"]
[White "Jakubiec, Edyta"]
[Black "Nowak, Dominika"]
[Result "1/2-1/2"]
[WhiteElo "2213"]
[BlackElo "2196"]
[PlyCount "66"]
[EventDate "2004.09.04"]
[EventType "team-swiss"]
[EventRounds "11"]
[EventCountry "POL"]
[SourceTitle "CBM 102 Extra"]
[Source "ChessBase"]
[SourceDate "2004.11.03"]
[SourceVersion "1"]
[SourceVersionDate "2004.11.03"]
[SourceQuality "1"]
[WhiteTeam "Jaworzno JKSz MCKiS II"]
[BlackTeam "Brzeg Prokonex"]
[WhiteTeamCountry "POL"]
[BlackTeamCountry "POL"]

1. e4 e5 2. Nf3 Nc6 3. Bb5 a6 4. Ba4 Nf6 5. 0-0 b5 6. Bb3 Bc5 7. c3 d6 8. a4 Rb8 9. d4 Bb6 10. axb5 axb5 11. Na3 0-0 12. Nxb5 Bg4 13. d5 Ne7 14. Qd3 Ng6 15. Bd1 Nh5 16. g3 h6 17. Na7 Ra8 18. Be3 Qf6 19. Bxb6 cxb6 20. Ra3 Bh3 21. Re1 Ngf4 22. Qc2 Ng2 23. Rf1 g5 24. Nb5 Rxa3 25. Nxa3 Ne3 26. fxe3 Bxf1 27. Kxf1 g4 28. Qf2 gxf3 29. Qxf3 Qxf3+ 30. Bxf3 Nf6 31. Nc4 Rd8 32. Nxb6 Kf8 33. Ke2 Ke7 1/2-1/2

[Event "POL-ch (Women)"]
[Site "Warsaw"]
[Date "2004.05.06"]
[Round "10"]
[White "Nowak, Dominika"]
[Black "Dworakowska, Joanna"]
[Result "0-1"]
[WhiteElo "2155"]
[BlackElo "2395"]
[PlyCount "82"]
[EventDate "2004.04.26"]
[EventType "tourn"]
[EventRounds "11"]
[EventCountry "POL"]
[EventCategory "1"]
[SourceTitle "CBM 100 Extra"]
[Source "ChessBase"]
[SourceDate "2004.07.06"]
[SourceVersion "2"]
[SourceVersionDate "2004.07.06"]
[SourceQuality "1"]

1. e4 c5 2. Nf3 d6 3. d4 cxd4 4. Nxd4 Nf6 5. Nc3 a6 6. Be3 e5 7. Nb3 Be7 8. f3 Be6 9. Qd2 0-0 10. 0-0-0 Nbd7 11. g4 Qc7 12. h4 b5 13. h5 b4 14. Nd5 Bxd5 15. exd5 a5 16. Kb1 a4 17. Nc1 Ra5 18. Bd3 Nxd5 19. Ne2 a3 20. b3 Nxe3 21. Qxe3 d5 22. g5 Bc5 23. Qd2 e4 24. fxe4 dxe4 25. Bc4 Qe5 26. c3 Nb6 27. Qf4 Nxc4 28. bxc4 Qe6 29. Rd5 bxc3 30. Kc2 Rb5 31. Kxc3 Rb2 32. Rxc5 Rxe2 33. Rh2 Rxh2 34. Qxh2 Re8 35. Rb5 e3 36. Qe2 h6 37. Rb3 Qe5+ 38. Kc2 hxg5 39. Rxa3 f5 40. h6 g6 41. Ra7 Rd8 0-1

[Event "POL-ch (Women)"]
[Site "Warsaw"]
[Date "2004.05.04"]
[Round "8"]
[White "Nowak, Dominika"]
[Black "Kupczyk, Edyta"]
[Result "1-0"]
[WhiteElo "2155"]
[BlackElo "2163"]
[PlyCount "87"]
[EventDate "2004.04.26"]
[EventType "tourn"]
[EventRounds "11"]
[EventCountry "POL"]
[EventCategory "1"]
[SourceTitle "CBM 100 Extra"]
[Source "ChessBase"]
[SourceDate "2004.07.06"]
[SourceVersion "2"]
[SourceVersionDate "2004.07.06"]
[SourceQuality "1"]

1. e4 e6 2. d4 c5 3. Nf3 cxd4 4. Nxd4 Qb6 5. Nb3 Qc7 6. Nc3 a6 7. Be3 Nf6 8. a3 b5 9. Be2 Bb7 10. f3 Be7 11. Qd2 d6 12. g4 Nc6 13. g5 Nd7 14. f4 Nc5 15. Bf3 Nxb3 16. cxb3 Na5 17. Qd1 0-0 18. Kf2 d5 19. Rc1 d4 20. Qxd4 Nxb3 21. Nd5 Qd8 22. Nxe7+ Qxe7 23. Qc3 Nxc1 24. Rxc1 Rfc8 25. Bc5 Qc7 26. Kg3 a5 27. h4 e5 28. Qxe5 Qxe5 29. fxe5 Rd8 30. b4 a4 31. Kf4 Rd3 32. Bg4 Rxa3 33. Rd1 Rc3 34. e6 fxe6 35. Bxe6+ Kh8 36. Rd7 Bc6 37. Rc7 Be8 38. Rb7 Bc6 39. Rc7 Be8 40. Re7 Rd3 41. Bd5 Rd8 42. Bb6 Rb8 43. Bc7 Rc8 44. Be5 1-0

[Event "POL-ch (Women)"]
[Site "Warsaw"]
[Date "2004.04.27"]
[Round "2"]
[White "Michna, Marta"]
[Black "Nowak, Dominika"]
[Result "0-1"]
[WhiteElo "2411"]
[BlackElo "2155"]
[PlyCount "162"]
[EventDate "2004.04.26"]
[EventType "tourn"]
[EventRounds "11"]
[EventCountry "POL"]
[EventCategory "1"]
[SourceTitle "CBM 100 Extra"]
[Source "ChessBase"]
[SourceDate "2004.07.06"]
[SourceVersion "2"]
[SourceVersionDate "2004.07.06"]
[SourceQuality "1"]

1. e3 g6 2. g3 Bg7 3. Bg2 d6 4. c4 e5 5. Nc3 Nc6 6. d3 Be6 7. Rb1 Qd7 8. b4 Nf6 9. Nd5 0-0 10. Bd2 Ne8 11. h3 Nd8 12. Nc3 c6 13. Nge2 d5 14. cxd5 cxd5 15. Qa4 Nc6 16. b5 Ne7 17. b6 Nc6 18. Nb5 a6 19. Na7 Nd6 20. 0-0 Nxa7 21. Qxd7 Bxd7 22. bxa7 Bc6 23. Rfc1 Rfd8 24. Ba5 Rdc8 25. Rb6 Rxa7 26. Bxd5 Bxd5 27. Rxd6 Bc6 28. d4 Raa8 29. d5 Bf8 30. Rdxc6 bxc6 31. dxc6 Rab8 32. a4 Rb2 33. Kf1 Bb4 34. Bxb4 Rxb4 35. Rc5 Rxa4 36. Nc3 Rb4 37. Nd5 Rb1+ 38. Ke2 Kf8 39. e4 Rb5 40. Rc3 f5 41. f3 a5 42. c7 Ke8 43. Kd3 Kd7 44. Kc4 Rb7 45. Ra3 Ra8 46. Rc3 Raa7 47. Rd3 a4 48. Nc3+ Kxc7 49. Nb5+ Rxb5 50. Kxb5 a3 51. Rd1 a2 52. Ra1 Kd6 53. Kc4 Ra3 54. g4 Ke6 55. Kb4 Rxf3 56. Rxa2 fxe4 57. h4 Rd3 58. Kc4 Rd4+ 59. Kc5 e3 60. Ra6+ Kf7 61. Ra7+ Kf6 62. Ra6+ Kg7 63. Ra7+ Kh6 64. g5+ Kh5 65. Rxh7+ Kg4 66. Re7 Kf5 67. Rf7+ Ke4 68. Rf1 e2 69. Re1 Rd2 70. h5 gxh5 71. g6 Ke3 72. Rh1 Kf2 73. g7 Rd8 74. Rh2+ Kf1 75. Rh1+ Kg2 76. Rxh5 e1Q 77. Rg5+ Kf3 78. g8Q Rxg8 79. Rxg8 Qc3+ 80. Kd6 Qd4+ 81. Ke7 e4 0-1

[Event "POL-chT 2nd League"]
[Site "Wysowa"]
[Date "2003.09.11"]
[Round "8"]
[White "Nowak, Dominika"]
[Black "Toma, Katarzyna"]
[Result "1/2-1/2"]
[WhiteElo "2182"]
[BlackElo "2210"]
[PlyCount "85"]
[EventDate "2003.09.06"]
[EventType "team-swiss"]
[EventRounds "11"]
[EventCountry "POL"]
[SourceTitle "CBM 096 Extra"]
[Source "ChessBase"]
[SourceDate "2003.10.22"]
[SourceVersion "2"]
[SourceVersionDate "2003.10.20"]
[SourceQuality "1"]
[WhiteTeam "Bytom Szombierki"]
[BlackTeam "Czestochowa Hetman"]
[WhiteTeamCountry "POL"]
[BlackTeamCountry "POL"]

1. e4 c5 2. Nf3 d6 3. d4 cxd4 4. Nxd4 Nf6 5. Nc3 g6 6. Be3 Bg7 7. f3 Nc6 8. Qd2 0-0 9. Bc4 Bd7 10. 0-0-0 Ne5 11. Bb3 Qa5 12. Kb1 Rfc8 13. h4 Nc4 14. Bxc4 Rxc4 15. Nb3 Qc7 16. h5 Bc6 17. hxg6 hxg6 18. Bh6 Bh8 19. Bg5 Bg7 20. Rh2 b5 21. Rdh1 e5 22. Bh6 Bh8 23. Bf8 Kxf8 24. Nxb5 Bxb5 25. Rxh8+ Ng8 26. Rxg8+ Kxg8 27. Qh6 f5 28. Qh8+ Kf7 29. Qxa8 Kf6 30. Qf8+ Kg5 31. Qh8 fxe4 32. Nd2 exf3 33. Nxc4 Qxc4 34. gxf3 Qc5 35. a4 Bc6 36. Qd8+ Kf5 37. Qf8+ Ke6 38. Rh7 Qg1+ 39. Ka2 Bd5+ 40. b3 Bxb3+ 41. Kb2 Qd4+ 42. Kxb3 Qd5+ 43. Kb2 1/2-1/2

[Event "POL-chT 2nd League"]
[Site "Wysowa"]
[Date "2003.09.10"]
[Round "6"]
[White "Zielinska, Malgorzata"]
[Black "Nowak, Dominika"]
[Result "0-1"]
[WhiteElo "2103"]
[BlackElo "2182"]
[PlyCount "92"]
[EventDate "2003.09.06"]
[EventType "team-swiss"]
[EventRounds "11"]
[EventCountry "POL"]
[SourceTitle "CBM 096 Extra"]
[Source "ChessBase"]
[SourceDate "2003.10.22"]
[SourceVersion "2"]
[SourceVersionDate "2003.10.20"]
[SourceQuality "1"]
[WhiteTeam "Turek Tecza"]
[BlackTeam "Bytom Szombierki"]
[WhiteTeamCountry "POL"]
[BlackTeamCountry "POL"]

1. d4 Nf6 2. c4 g6 3. Nc3 Bg7 4. e4 d6 5. Nf3 0-0 6. Be2 e5 7. d5 a5 8. Bg5 h6 9. Bh4 Na6 10. Nd2 Qe8 11. 0-0 Nh7 12. a3 Bd7 13. b3 f5 14. exf5 gxf5 15. Bh5 Qb8 16. Be7 Rc8 17. Bg6 Nf8 18. Qh5 Be8 19. Bxe8 Rxe8 20. Bh4 Qc8 21. Ne2 Nh7 22. Rae1 Nc5 23. Ng3 Rf8 24. Qe2 Qe8 25. b4 Nd7 26. Nh5 Bh8 27. Ng3 axb4 28. axb4 e4 29. Nb3 Ne5 30. Rd1 f4 31. Nxe4 Ng6 32. Qh5 Qxe4 33. Rde1 Qf5 34. Qxf5 Rxf5 35. g3 Nxh4 36. gxh4 Re5 37. c5 Rxe1 38. Rxe1 Ra3 39. Na5 dxc5 40. Nxb7 cxb4 41. Re8+ Nf8 42. Nc5 f3 43. h3 Kf7 44. Re4 b3 45. Rf4+ Ke7 46. Rxf3 b2 0-1

[Event "POL-chT 2nd League"]
[Site "Wysowa"]
[Date "2003.09.07"]
[Round "3"]
[White "Szymanowska, Karolina"]
[Black "Nowak, Dominika"]
[Result "0-1"]
[WhiteElo "2109"]
[BlackElo "2182"]
[PlyCount "48"]
[EventDate "2003.09.06"]
[EventType "team-swiss"]
[EventRounds "11"]
[EventCountry "POL"]
[SourceTitle "CBM 096 Extra"]
[Source "ChessBase"]
[SourceDate "2003.10.22"]
[SourceVersion "2"]
[SourceVersionDate "2003.10.20"]
[SourceQuality "1"]
[WhiteTeam "Chroscice Victoria"]
[BlackTeam "Bytom Szombierki"]
[WhiteTeamCountry "POL"]
[BlackTeamCountry "POL"]

1. e4 e5 2. Nf3 d5 3. Nxe5 Bd6 4. d4 dxe4 5. Bc4 Bxe5 6. dxe5 Qxd1+ 7. Kxd1 Nc6 8. Bf4 Nge7 9. Re1 Bf5 10. Nc3 Ng6 11. Bg3 Ngxe5 12. Bb3 0-0-0+ 13. Kc1 Rd4 14. Nd5 Bg6 15. Ne7+ Kb8 16. f3 exf3 17. Nxc6+ Nxc6 18. gxf3 Rhd8 19. c3 Rd3 20. Bd1 Bh5 21. Be2 Re3 22. Bd1 Rxe1 23. Bxe1 Ne5 24. Bh4 f6 0-1

[Event "Wch U20 Girls"]
[Site "Nakhchivan"]
[Date "2003.07.03"]
[Round "11"]
[White "Nowak, Dominika"]
[Black "Mahima, Rajmohan"]
[Result "1-0"]
[WhiteElo "2098"]
[BlackElo "2104"]
[PlyCount "49"]
[EventDate "2003.06.22"]
[EventType "swiss"]
[EventRounds "11"]
[EventCountry "AZE"]
[SourceTitle "EXT 2004"]
[Source "ChessBase"]
[SourceDate "2003.11.25"]
[SourceVersion "1"]
[SourceVersionDate "2003.11.25"]
[SourceQuality "1"]

1. e4 c5 2. Nf3 Nc6 3. d4 cxd4 4. Nxd4 g6 5. Be3 Bg7 6. Nc3 Nf6 7. Bc4 0-0 8. Bb3 d6 9. f3 Bd7 10. Qd2 a6 11. 0-0-0 b5 12. h4 Na5 13. h5 Nc4 14. Bxc4 bxc4 15. hxg6 fxg6 16. Bh6 Bxh6 17. Qxh6 Rf7 18. g4 Qb6 19. g5 Ne8 20. Nd5 Qa5 21. Nf5 gxf5 22. g6 Rg7 23. gxh7+ Kh8 24. Nxe7 Nc7 25. Qf6 1-0

[Event "Wch U20 Girls"]
[Site "Nakhchivan"]
[Date "2003.06.22"]
[Round "1"]
[White "Nowak, Dominika"]
[Black "Sergeyeva, Maria"]
[Result "0-1"]
[WhiteElo "2098"]
[BlackElo "2340"]
[PlyCount "68"]
[EventDate "2003.06.22"]
[EventType "swiss"]
[EventRounds "11"]
[EventCountry "AZE"]
[SourceTitle "EXT 2004"]
[Source "ChessBase"]
[SourceDate "2003.11.25"]
[SourceVersion "1"]
[SourceVersionDate "2003.11.25"]
[SourceQuality "1"]

1. e4 c5 2. Nf3 d6 3. d4 cxd4 4. Nxd4 Nf6 5. Nc3 a6 6. f3 e6 7. Be3 Nbd7 8. g4 h6 9. Qd2 b5 10. 0-0-0 Bb7 11. Bd3 Rc8 12. h4 b4 13. Nce2 d5 14. e5 Nxe5 15. g5 Nfd7 16. g6 Nxd3+ 17. Qxd3 Nc5 18. gxf7+ Kxf7 19. Qd2 e5 20. Nb3 Nxb3+ 21. axb3 d4 22. Bg1 Be7 23. Bh2 Qa5 24. Qd3 Bf6 25. Rhg1 Rhe8 26. Qf5 Qd5 27. Rg3 Qe6 28. Qg6+ Kf8 29. f4 exf4 30. Nxf4 Qe4 31. Rgd3 Qxg6 32. Nxg6+ Kf7 33. Nf4 Be4 34. R3d2 Bxh4 0-1

[Event "POL-ch U20 Girls"]
[Site "Jarnoltowek"]
[Date "2003.04.12"]
[Round "8"]
[White "Nowak, Dominika"]
[Black "Toma, Katarzyna"]
[Result "1-0"]
[WhiteElo "2098"]
[BlackElo "2189"]
[PlyCount "99"]
[EventDate "2003.04.07"]
[EventType "tourn"]
[EventRounds "11"]
[EventCountry "POL"]
[SourceTitle "CBM 093 Extra"]
[Source "ChessBase"]
[SourceDate "2003.05.09"]
[SourceVersion "1"]
[SourceVersionDate "2003.05.09"]
[SourceQuality "1"]

1. e4 c5 2. c4 Nc6 3. Nc3 g6 4. g3 Bg7 5. Bg2 Nf6 6. Nge2 d6 7. a3 0-0 8. Rb1 Ne8 9. b4 Nc7 10. 0-0 Ne6 11. f4 Rb8 12. h3 Ned4 13. Kh2 b6 14. Ng1 e6 15. d3 Bd7 16. Be3 f5 17. Qd2 Qf6 18. b5 Na5 19. Nce2 Qe7 20. g4 Kh8 21. exf5 exf5 22. Bxd4 cxd4 23. g5 d5 24. Bxd5 Qxa3 25. Nf3 Qc5 26. Rfe1 Rbe8 27. Ng3 Rxe1 28. Rxe1 Bxb5 29. Ne5 Be8 30. h4 Nc6 31. Nxc6 Bxc6 32. Bxc6 Qxc6 33. Re7 a5 34. Qe2 Qd6 35. h5 h6 36. hxg6 Qxf4 37. Rxg7 Kxg7 38. Qe7+ Kxg6 39. Qxf8 hxg5 40. Qe8+ Kf6 41. Qc6+ Ke7 42. Qb7+ Kf6 43. Qxb6+ Kf7 44. Qxa5 Qf2+ 45. Kh3 g4+ 46. Kh4 Qh2+ 47. Kg5 Qxg3 48. Qxf5+ Ke8 49. Qe4+ Kf7 50. Qf4+ 1-0

[Event "POL-ch U20 Girls"]
[Site "Jarnoltowek"]
[Date "2003.04.11"]
[Round "6"]
[White "Nowak, Dominika"]
[Black "Socha, Anna"]
[Result "1-0"]
[WhiteElo "2098"]
[BlackElo "2108"]
[PlyCount "129"]
[EventDate "2003.04.07"]
[EventType "tourn"]
[EventRounds "11"]
[EventCountry "POL"]
[SourceTitle "CBM 093 Extra"]
[Source "ChessBase"]
[SourceDate "2003.05.09"]
[SourceVersion "1"]
[SourceVersionDate "2003.05.09"]
[SourceQuality "1"]

1. e4 e5 2. Nf3 Nc6 3. Bb5 Nge7 4. 0-0 g6 5. c3 Bg7 6. d4 exd4 7. cxd4 d5 8. exd5 Nxd5 9. Re1+ Be6 10. Bg5 Qd6 11. Nc3 0-0 12. Qd2 Nxc3 13. bxc3 Bd5 14. Bf4 Qa3 15. Nh4 Na5 16. Bh6 Qd6 17. Bxg7 Kxg7 18. Qg5 Kh8 19. Re3 Nc4 20. Rh3 Rg8 21. Re1 c6 22. Bxc4 Bxc4 23. Qh6 Rg7 24. Nf5 Qf8 25. Nxg7 Qxg7 26. Qf4 Bxa2 27. Qc7 Bd5 28. Qxb7 Qf8 29. Rhe3 a6 30. Qxa8 Qxa8 31. Re8+ Qxe8 32. Rxe8+ Kg7 33. g3 Kf6 34. Ra8 Bc4 35. Rc8 Bd5 36. c4 Be4 37. Ra8 Ke7 38. Rxa6 Kd7 39. Ra7+ Ke6 40. Rc7 h5 41. Kf1 Bd3+ 42. Ke1 Bxc4 43. Kd2 Bd5 44. Ke3 Kf5 45. h3 Kg5 46. f3 Kf6 47. h4 Kf5 48. Re7 Be6 49. Re8 Bd5 50. Re5+ Kf6 51. Kf4 Bb3 52. g4 hxg4 53. fxg4 Kg7 54. Rc5 Ba4 55. g5 f6 56. Ra5 fxg5+ 57. hxg5 Bc2 58. Ra7+ Kf8 59. Ke5 Bd3 60. Kd6 Be4 61. Rc7 Ke8 62. Rxc6 Bxc6 63. Kxc6 Ke7 64. d5 Ke8 65. Kd6 1-0

[Event "POL-ch U20 Girls"]
[Site "Jarnoltowek"]
[Date "2003.04.08"]
[Round "3"]
[White "Reszka, Malgorzata"]
[Black "Nowak, Dominika"]
[Result "0-1"]
[WhiteElo "2133"]
[BlackElo "2098"]
[PlyCount "116"]
[EventDate "2003.04.07"]
[EventType "tourn"]
[EventRounds "11"]
[EventCountry "POL"]
[SourceTitle "CBM 093 Extra"]
[Source "ChessBase"]
[SourceDate "2003.05.09"]
[SourceVersion "1"]
[SourceVersionDate "2003.05.09"]
[SourceQuality "1"]

1. e4 e5 2. Nf3 Nc6 3. Bb5 a6 4. Ba4 Nf6 5. d3 b5 6. Bb3 Bc5 7. c3 d6 8. 0-0 0-0 9. Nbd2 Bb6 10. h3 Ne7 11. Re1 Ng6 12. Nf1 Nh5 13. a4 Rb8 14. d4 Nhf4 15. a5 Ba7 16. Be3 Nh4 17. Nxh4 Qxh4 18. dxe5 Bxe3 19. Rxe3 dxe5 20. Rg3 Rd8 21. Qf3 c5 22. Bd1 Rd3 23. Ne3 Be6 24. Kh2 g6 25. Bc2 Rd2 26. Rc1 Ne2 27. Nf1 Qh6 28. Qe3 Qxe3 29. Rxe3 Nxc1 30. Nxd2 Rd8 31. Nf3 f6 32. g4 g5 33. Kg3 Bc4 34. Re1 Ne2+ 35. Kg2 Nf4+ 36. Kg3 Be2 37. Ng1 Rd2 38. Rc1 Kf8 39. b3 h5 40. gxh5 Nxh5+ 41. Kg2 Nf4+ 42. Kg3 Kg7 43. h4 Nh5+ 44. Kh2 g4 45. Nxe2 Rxe2 46. Kg2 g3 47. Bd3 Rxf2+ 48. Kh3 g2 49. Rd1 Nf4+ 50. Kh2 Rf3 51. Bc2 Rh3+ 52. Kg1 Rh1+ 53. Kf2 Rxh4 54. Bd3 Rg4 55. Bxb5 axb5 56. a6 g1Q+ 57. Rxg1 Nh3+ 58. Kf3 Rxg1 0-1

[Event "POL-ch (Women) 57th"]
[Site "Sroda Wielkopolska"]
[Date "2003.03.07"]
[Round "9"]
[White "Nowak, Dominika"]
[Black "Rajlich, Iweta"]
[Result "1-0"]
[WhiteElo "2098"]
[BlackElo "2433"]
[PlyCount "109"]
[EventDate "2003.02.26"]
[EventType "tourn"]
[EventRounds "11"]
[EventCountry "POL"]
[EventCategory "1"]
[SourceTitle "EXT 2004"]
[Source "ChessBase"]
[SourceDate "2003.11.25"]
[SourceVersion "1"]
[SourceVersionDate "2003.11.25"]
[SourceQuality "1"]

1. e4 c5 2. Nf3 d6 3. d4 cxd4 4. Nxd4 Nf6 5. Nc3 g6 6. Be3 Bg7 7. f3 Nc6 8. Qd2 Bd7 9. Bc4 0-0 10. 0-0-0 Qa5 11. Bb3 Rfc8 12. Kb1 Ne5 13. h4 Nc4 14. Bxc4 Rxc4 15. Nb3 Qc7 16. g4 Rc8 17. Bd4 Be6 18. h5 a5 19. a4 Rb4 20. hxg6 hxg6 21. Qh2 b5 22. e5 dxe5 23. Bxe5 Qb6 24. Bd4 Rxd4 25. Nxd4 bxa4 26. Nxa4 Qb4 27. Nxe6 fxe6 28. Qe5 Qc4 29. Qc3 Qa6 30. Qd3 Qc6 31. Qxg6 Qxf3 32. g5 Qe4 33. Qxe4 Nxe4 34. Rd7 Kf7 35. g6+ Ke8 36. Ra7 Nd2+ 37. Ka2 Rxc2 38. Ra8+ Kd7 39. Rd1 e5 40. Rg8 Bf6 41. g7 Ke6 42. Rd8 Bxg7 43. R1xd2 Rc4 44. Nc3 e4 45. Re2 Kf5 46. Rd5+ Kf4 47. Rxa5 Bxc3 48. bxc3 Rxc3 49. Ra4 Re3 50. Rxe3 Kxe3 51. Kb2 Kf3 52. Kc2 e3 53. Kd1 e5 54. Ke1 e4 55. Ra3 1-0